Extracellular matrix and the liver : (Record no. 232889)

000 -LEADER
fixed length control field 01484cam a22003497a 4500
001 - CONTROL NUMBER
control field 12928981
003 - CONTROL NUMBER IDENTIFIER
control field Nust
005 - DATE AND TIME OF LATEST TRANSACTION
control field 20170224115213.0
008 - FIXED-LENGTH DATA ELEMENTS--GENERAL INFORMATION
fixed length control field 020913s2002 caua 000 0 eng d
010 ## - LIBRARY OF CONGRESS CONTROL NUMBER
LC control number 2002113023
015 ## - NATIONAL BIBLIOGRAPHY NUMBER
National bibliography number GBA2-U3941
020 ## - INTERNATIONAL STANDARD BOOK NUMBER
International Standard Book Number 012525251X
040 ## - CATALOGING SOURCE
Original cataloging agency UKM
Transcribing agency ASAB
Modifying agency OCLCQ
-- EYM
-- DLC
042 ## - AUTHENTICATION CODE
Authentication code lccopycat
050 00 - LIBRARY OF CONGRESS CALL NUMBER
Classification number RC848.C5
Item number E97 2002
082 04 - DEWEY DECIMAL CLASSIFICATION NUMBER
Classification number 616.362406
Edition number 21
245 00 - TITLE STATEMENT
Title Extracellular matrix and the liver :
Remainder of title approach to gene therapy /
Statement of responsibility, etc. edited by Isao Okazaki ... [et al.].
260 ## - PUBLICATION, DISTRIBUTION, ETC.
Place of publication, distribution, etc. San Diego, Calif. ;
-- London :
Name of publisher, distributor, etc. Academic,
Date of publication, distribution, etc. 2003.
300 ## - PHYSICAL DESCRIPTION
Extent 467 p. :
Other physical details ill. (some col.) ; 24 cm.
650 #0 - SUBJECT ADDED ENTRY--TOPICAL TERM
Topical term or geographic name entry element Liver
General subdivision Cirrhosis
-- Molecular aspects.
650 #0 - SUBJECT ADDED ENTRY--TOPICAL TERM
Topical term or geographic name entry element Liver
General subdivision Cirrhosis
-- Gene therapy.
650 #0 - SUBJECT ADDED ENTRY--TOPICAL TERM
Topical term or geographic name entry element Extracellular matrix.
650 #2 - SUBJECT ADDED ENTRY--TOPICAL TERM
Topical term or geographic name entry element Liver Cirrhosis
General subdivision therapy.
650 #2 - SUBJECT ADDED ENTRY--TOPICAL TERM
Topical term or geographic name entry element Gene Therapy.
650 #2 - SUBJECT ADDED ENTRY--TOPICAL TERM
Topical term or geographic name entry element Extracellular Matrix.
700 1# - ADDED ENTRY--PERSONAL NAME
Personal name Okazaki, Isao,
Dates associated with a name 1941-
856 41 - ELECTRONIC LOCATION AND ACCESS
Materials specified Table of contents
Uniform Resource Identifier <a href="http://www.loc.gov/catdir/toc/els051/2002113023.html">http://www.loc.gov/catdir/toc/els051/2002113023.html</a>
856 42 - ELECTRONIC LOCATION AND ACCESS
Materials specified Publisher description
Uniform Resource Identifier <a href="http://www.loc.gov/catdir/description/els051/2002113023.html">http://www.loc.gov/catdir/description/els051/2002113023.html</a>
856 42 - ELECTRONIC LOCATION AND ACCESS
Materials specified Book review (E-STREAMS)
Uniform Resource Identifier <a href="http://www.e-streams.com/es0610/es0610_2804.html">http://www.e-streams.com/es0610/es0610_2804.html</a>
906 ## - LOCAL DATA ELEMENT F, LDF (RLIN)
a 7
b cbc
c copycat
d 3
e ncip
f 20
g y-gencatlg
942 ## - ADDED ENTRY ELEMENTS (KOHA)
Source of classification or shelving scheme
Koha item type Book
Holdings
Withdrawn status Lost status Source of classification or shelving scheme Damaged status Not for loan Collection code Permanent Location Current Location Date acquired Total Checkouts Full call number Barcode Date last seen Price effective from Koha item type
            Atta-ur-Rahman School of Applied Biosciences (ASAB) Atta-ur-Rahman School of Applied Biosciences (ASAB) 02/24/2017   616.36 OKA ASAB594 02/24/2017 02/24/2017 Book
© 2023 Central Library, National University of Sciences and Technology. All Rights Reserved.